Finde den Imposter 3 - Statistiken

Allgemein
  • Dieses Quiz wurde 112 mal gespielt
    77 seit der letzten Aktualisierung
  • Das Durchschnittsergebnis liegt bei 46 aus 60
Antwortstatistiken
Frage Kachel Select % Korrekt
europäische Großstadt Zagreb Nein
96%
europäische Großstadt Riga Nein
94%
Fisch Strömer Nein
94%
Wissenschaftlerin Grace Hopper Nein
93%
Fluss oder Bach in Deutschland Lippe Nein
93%
europäische Großstadt Valencia Nein
93%
Begriff aus dem Poker all in Nein
90%
Begriff aus dem Poker flush Nein
90%
Begriff aus dem Poker fold Nein
90%
Wissenschaftlerin Lise Meitner Nein
90%
Musikband Rage Against the Machine Nein
90%
Fisch Blaubandbärbling Nein
89%
Schleichkatze Marderbär Nein
88%
Musikband They Might Be Giants Nein
88%
Fluss oder Bach in Deutschland Wipper Nein
88%
Beuteltier Wombat Nein
88%
Character aus der TV-Serie Supernatural Castiel Nein
86%
Musikband Death Cab for Cutie Nein
86%
Schleichkatze Ginsterkatze Nein
86%
Schleichkatze Zibetkatze Nein
86%
Wissenschaftlerin Ada Lovelace Nein
85%
Zutat für Ratatouille Paprika Nein
85%
Begriff aus dem Poker small blind Nein
85%
europäische Großstadt Vilnius Nein
85%
Zutat für Ratatouille Zucchini Nein
85%
Character aus der TV-Serie Supernatural Lilith Nein
83%
Beuteltier Opossum Nein
83%
Wissenschaftlerin Rosalind Franklin Nein
83%
Begriff aus dem Poker showdown Nein
83%
Fluss oder Bach in Deutschland Sieg Nein
83%
Fisch Tolstolob Nein
83%
Beuteltier Wallaby Nein
83%
Character aus der TV-Serie Supernatural Azazel Nein
82%
Zutat für Ratatouille Knoblauch Nein
82%
Musikband System of a Down Nein
82%
Zutat für Ratatouille Zwiebel Nein
82%
Zutat für Ratatouille Aubergine Nein
81%
Fisch Moderlieschen Nein
79%
europäische Großstadt Saragossa Nein
79%
Schleichkatze Musang Nein
78%
Begriff aus dem Poker bull's eye Ja
75%
Fluss oder Bach in Deutschland Kocher Nein
75%
Character aus der TV-Serie Supernatural Crowley Nein
74%
Schleichkatze Fleckenroller Nein
74%
europäische Großstadt Manila Ja
74%
Beuteltier Tasmanischer Teufel Nein
74%
Beuteltier Quokka Nein
72%
Wissenschaftlerin Margaret Hamilton Nein
69%
Fluss oder Bach in Deutschland Mümling Nein
68%
Character aus der TV-Serie Supernatural Luzifer Nein
65%
Musikband I Dont Know How But They Found Me Nein
58%
Fisch Waxdick Nein
54%
Zutat für Ratatouille Koriander Ja
50%
Schleichkatze Nasenbär Ja
50%
Wissenschaftlerin Katharine Hepburn Ja
44%
Beuteltier Dingo Ja
43%
Musikband Nico and the Niners Ja
36%
Fisch Pellworm Ja
32%
Fluss oder Bach in Deutschland Girlitz Ja
26%
Character aus der TV-Serie Supernatural Orpheus Ja
18%
Keine übereinstimmenden Quizze gefunden
Verteilung der Resultate
Anzahl Personen mit jedem Resultat
Perzentil nach korrekt beantworteten Fragen
Ihre Resultats-Entwicklung
Sie haben dieses Quiz seit der letzten Aktualisierung nicht gespielt